| 000 -LEADER |
| fixed length control field |
01943 a2200289 4500 |
| 003 - CONTROL NUMBER IDENTIFIER |
| control field |
Nust |
| 005 - DATE AND TIME OF LATEST TRANSACTION |
| control field |
20220819112931.0 |
| 010 ## - LIBRARY OF CONGRESS CONTROL NUMBER |
| LC control number |
2005049375 |
| 020 ## - INTERNATIONAL STANDARD BOOK NUMBER |
| International Standard Book Number |
1584884657 |
| 035 ## - SYSTEM CONTROL NUMBER |
| System control number |
(OCoLC)ocm60644811 |
| 040 ## - CATALOGING SOURCE |
| Transcribing agency |
Nust |
| 082 00 - DEWEY DECIMAL CLASSIFICATION NUMBER |
| Classification number |
621.384,BOU |
| 245 00 - TITLE STATEMENT |
| Title |
Handbook of algorithms for wireless networking and mobile computing / |
| Statement of responsibility, etc. |
edited by Azzedine Boukerche. |
| 260 ## - PUBLICATION, DISTRIBUTION, ETC. |
| Place of publication, distribution, etc. |
Boca Raton, FL : |
| Name of publisher, distributor, etc. |
Chapman & Hall/CRC, |
| Date of publication, distribution, etc. |
2006. |
| 300 ## - PHYSICAL DESCRIPTION |
| Extent |
1 v. (various pagings) : |
| Other physical details |
ill. ; |
| Dimensions |
27 cm. |
| 440 #0 - SERIES STATEMENT/ADDED ENTRY--TITLE |
| Title |
Chapman & Hall/CRC computer and information science series |
| 9 (RLIN) |
13921 |
| 505 ## - FORMATTED CONTENTS NOTE |
| Formatted contents note |
SECTION -1: MAC Protocols and Scheduling Strategies in Wireless Networks (Page-23), SECTION-2: Routing Protocols and Location Awareness Strategies in Wireless Networks (Page-123), SECTION-3: Resource Allocation and Management in Wireless Networks (Page-415), SECTION-4: Mobility and Location Management in Wireless Networks (Page-477), SECTION-5: QoS in Wireless Networks (Page-613), SECTION-6: TCP Studies in Wireless Networks (Page-679), SECTION-7: Algorithms and Protocols for Bluetooth Wireless PAN (Page-725), SECTION-8: Wireless Sensor Networks (Page-813), SECTION-9: Security Issues in Wireless (Page-905). |
| 650 #0 - SUBJECT ADDED ENTRY--TOPICAL TERM |
| Topical term or geographic name entry element |
Mobile communication systems |
| General subdivision |
Design and construction |
| -- |
Mathematics. |
| 9 (RLIN) |
98235 |
| 650 #0 - SUBJECT ADDED ENTRY--TOPICAL TERM |
| Topical term or geographic name entry element |
Mobile computing |
| General subdivision |
Design and construction |
| -- |
Mathematics. |
| 9 (RLIN) |
98236 |
| 650 #0 - SUBJECT ADDED ENTRY--TOPICAL TERM |
| Topical term or geographic name entry element |
Wireless communication systems |
| General subdivision |
Design and construction |
| -- |
Mathematics. |
| 9 (RLIN) |
98237 |
| 700 1# - ADDED ENTRY--PERSONAL NAME |
| Personal name |
Boukerche, Azzedine. |
| 9 (RLIN) |
98238 |
| 856 40 - ELECTRONIC LOCATION AND ACCESS |
| Uniform Resource Identifier |
<a href="http://focus.lib.kth.se/login?url=http://www.engnetbase.com/ejournals/books/book_km.asp?id=4956">http://focus.lib.kth.se/login?url=http://www.engnetbase.com/ejournals/books/book_km.asp?id=4956</a> |
| 856 40 - ELECTRONIC LOCATION AND ACCESS |
| Uniform Resource Identifier |
<a href="http://proxy.lib.chalmers.se/login?url=http://www.engnetbase.com/ejournals/books/book_km.asp?id=4956">http://proxy.lib.chalmers.se/login?url=http://www.engnetbase.com/ejournals/books/book_km.asp?id=4956</a> |
| 856 40 - ELECTRONIC LOCATION AND ACCESS |
| Uniform Resource Identifier |
<a href="http://www.engnetbase.com/ejournals/books/book_km.asp?id=4956">http://www.engnetbase.com/ejournals/books/book_km.asp?id=4956</a> |
| 856 40 - ELECTRONIC LOCATION AND ACCESS |
| Uniform Resource Identifier |
<a href="https://login.e.bibl.liu.se/login?url=http://www.engnetbase.com/ejournals/books/book_km.asp?id=4956">https://login.e.bibl.liu.se/login?url=http://www.engnetbase.com/ejournals/books/book_km.asp?id=4956</a> |
| 942 ## - ADDED ENTRY ELEMENTS (KOHA) |
| Koha item type |
Reference |
| Source of classification or shelving scheme |
|